Quizzes
Events
Quiz Creation
Community
Videos
Private Events
Remove Ads
Sign In
Join for FREE
Feedback
Dark Mode
Quiz Categories
Sports
Geography
Music
Movies
Television
Just For Fun
Miscellaneous
History
Literature
Language
Science
Gaming
Entertainment
Religion
Holiday
For Kids
Quiz Lab
Recent
Popular Today
Quiz Kudos Today
Editor Picks
Curator Picks
Quizzes by...
Day
Popularity
Type
Ratings
Length
Year
Community
Subscriptions
Recent Discussions
Orange Saloon
Badges
Playlists
Quests
Create
Leaderboards
Showdown
Live 5
Trivia Bingo
Activity
Puzzle Library
Sporcle Events
Private Events
Virtual Trivia
Globe League
Become a Host
Pub Owners
SporcleCon
Opinionation
Our Games
Videos
Blog
Mobile Apps
Partnerships
Remove Ads and Go Orange
Feedback
Geography
Country
Landmarks
City
State
Population
World
Capital
Continent
Flags
Europe
Africa
Asia
South America
North America
Oceania
Border
Canada
United Kingdom
Topography
United States
Geography
Country
Landmarks
City
State
Population
World
Capital
Continent
Flags
Europe
Africa
Asia
South America
North America
Oceania
Border
Canada
United Kingdom
Topography
United States
Random Quiz
Search Sporcle
×
Quiz Lab
Quiz Lab
Geography
State
Type in answers that appear in a list
Type in answers that appear in a list
Classic
Best Score? Go Orange.
State capital by hint Stats
Can you name the following U.S. State capitals given the hints?
By
Anne13
6m
28 Questions
130 Plays
130 Plays
130 Plays
Comments
Comments
Give Quiz Kudos
Give Quiz Kudos
-
- Ratings
hide this ad
Forced Order
Answers have to be entered in order
Answers have to be entered in order
Random Order
Randomize order of answers
Randomize order of answers
Replay
Link that replays current quiz
Next Quiz
Link to next quiz in quiz playlist
You Got
0%
They Got
Avg Score
55%
Avg Friend Score
Upgrade to see
Score Distribution
Jump to the score distribution portion of the page
Score
0/28
Timer
06:00
0
Plays Today
Hint
Capital
% Correct
He landed at Hispaniola in 1492
Columbus
90.8%
Town named after third U.S. president
Jefferson City
81.5%
Fourth U.S. president
Madison
78.5%
Mythical bird with colorful plumage
Phoenix
78.5%
Sir Walter _
_
_
_
_
_
_
Raleigh
77.7%
Sacrament in Spain
Sacramento
76.9%
Red stick in Haiti
Baton Rouge
75.4%
Seventh U.S. president
Jackson
73.8%
New York Ivy League school
Columbia
72.3%
Apostle a.k.a. Saul of Tarsus
Saint Paul
70%
Holy Faith in Chile
Santa Fe
66.9%
Metropolis on a saline loch
Salt Lake City
66.9%
Site of ancient athletic games, Greece
Olympia
66.9%
Small stone
Little Rock
60.8%
Hint
Capital
% Correct
Second largest city in Georgia
Augusta
60%
'Mount of the pilgrim' in France
Montpelier
59.2%
French for 'of the monks'
Des Moines
53.8%
Meadow in the season after winter
Springfield
51.5%
Ford luxury car division
Lincoln
51.5%
Purple grape variety
Concord
47.7%
Fashion designer _
_
_
_
_
_
Cardin
Pierre
44.6%
Menthol cigarette brand
Salem
41.5%
Coastal city in southeast England
Dover
36.2%
Native Americans of the Great Plains
Cheyenne
35.4%
Filled doughnut
Bismarck
32.3%
Roman empress, mother of Constantine
Helena
21.5%
Honest bastion
Frankfort
10%
Name meaning 'queen of heaven'
Juneau
7.7%
Quiz Playlist
Details
Report
Send in Message
Add To Playlist
Classic:
Type in answers that appear in a list
Forced Order:
Answers have to be entered in order
Random Order:
Randomize order of answers
Last Updated: Oct 26, 2022
Quiz Scoreboard
CHALLENGE
Sign Up to Join the Scoreboard
Show All
Scores
Hide
Comments
May contain spoilers
Recently Published
Billboard Blitz: Fleetwood Mac
by CooCooCachoo
Music
15s
Presidents Visiting Landmarks
by Hejman
History
7m
An Introduction to Baseball
by treessimontrees
Sports
5m
More to Explore
Quiz From the Vault
Featured Blog Post
Where Did the Easter Bunny Come From?
hide this ad
You Might Also Like...
Tags
Capital Quiz
Definition Quiz
State Quiz
Today's Top Quizzes in Geography
Browse Geography
hide this ad
Today's Top Quizzes in State
Browse State
Top Contributed Quizzes in Geography
1
Countries of the World - No Outlines Minefield
2
Top 25 Cities of France on a map
3
Any capital of a 'B' country per Continent
4
Any capital of a 'C' country per Continent
5
Closest Countries to UK A-Z
6
Any capital of a 'D' country per Continent
7
5-to-1: US Geography No Hints
8
One Thing in Common: United Kingdom
9
Any capital of an 'E' country per Continent
10
Any capital of an 'F' country per Continent
Explore More
Trending Topics
Disney
Harry Potter
Anime
Kpop
NBA
Crossword
Marvel
Country
Pokémon
Soccer
WWE
The Office
Song
NFL
Puzzle
hide this ad
More By:
Anne13
Quiz
Plays
Rating
Category
Featured
Created
'I' Countries
317,621
4.35
Geography
Dec 2, 2009
007 In Other Words
107,402
4.60
Movies
Sep 28, 2011
1 State, 4+ FBS Schools
92,805
4.37
Sports
Nov 16, 2010
75 Biggest One-Word Cities (US)
82,769
4.56
Geography
Aug 7, 2013
Great Lakes Borders
81,894
4.43
Geography
Sep 24, 2011
Go to Creator's Profile
Score Distribution
Quiz Creator Spotlight
Anne13
Follow
Send a Message
Quizzes Created
-
Created Quiz Play Count
-
More By This Creator
Popular Quizzes Today
1
Find the US States - No Outlines Minefield
2
Find the Countries of Europe - No Outlines Minefield
3
The Countries of the World
4
Find the US States
5
US States
6
Risky Map Clicking: Biggest States A-Z
7
Popular People in 1961
8
Movies - When Are They Set?
More Geography Quizzes
Secret Country LII
Editor's Pick
Trending Quizzes
Risky Map Clicking: Least Populous States A-Z
1-10 Letter G Words
1-10 Letter F Words
Risky Map Clicking: Next State Alphabetically
Risky Map Clicking: Biggest States A-Z
Recently Updated
Leaping Animals
pecheneg
Reality TV Shows (A-Z)
bhenderson79
Rickey Henderson's Hall of Fame Teammates
pecheneg
Champions League XIs: Arsenal
pecheneg
Quick Pick: Celebrities in WWE's Hall of Fame
aduchscher
A-Z Keypad Blitz II
pecheneg
Multiple Oscar Actors
pecheneg
Mystery Phrase Blitz: Oscar 'Best Actors'
pecheneg
F. Scott Fitzgerald Novels
LTH
Pick 3 Villains
ddd62291
Trending Topics
NBA
Harry Potter
Marvel
Disney
Anime
Crossword
Kpop
Pokémon
Puzzle
WWE
Song
Country
NFL
The Office
Soccer
Your Account Isn't Verified!
In order to create a playlist on Sporcle, you need to verify the email address you used during registration. Go to your
Sporcle Settings
to finish the process.
Report this User
Report this user for behavior that violates our
Community Guidelines
.
Details:
Send Report
Go to the Sporcle.com Mobile Site →
Comments